000 01248pam a2200385 i 4500
999 _c28961
_d28932
001 016454288
003 EG-ScBUE
005 20201019150543.0
008 130527t2013 enka f 001 0 eng d
020 _a9781780672984 (hbk.)
035 _a(UkOxU)019655029
035 _a(Uk)016454288
035 _a(StEdALDL)1/3068416
040 _aStDuBDS
_beng
_erda
_cStDuBDS
_dUkOxU
_dUk
_dEG-ScBUE
082 0 4 _a741.652
_bLES
_222
100 1 _aLeslie, Jeremy,
_eauthor.
245 1 4 _aThe modern magazine :
_bvisual journalism in the digital era /
_cJeremy Leslie.
264 1 _aLondon :
_bLaurence King Publishing,
_c2013.
264 4 _c©2013
300 _a240 pages :
_billustrations (chiefly colour) ;
_c28 cm
336 _atext
_2rdacontent
_btxt
336 _astill image
_2rdacontent
_btxt
337 _aunmediated
_2rdamedia
_bn
338 _avolume
_2rdacarrier
_bnc
500 _aIncludes index.
500 _aFormerly CIP.
_5Uk
650 7 _aMagazine design.
_2BUEsh
650 7 _aPeriodicals
_xFormat.
_2BUEsh
650 7 _aDesktop publishing.
_2BUEsh
_940806
650 7 _aDigital media.
_2BUEsh
653 _bGGEN
_cOctober2020
655 _vReading book
_934232
942 _2ddc
_cBB